| 000 | 00495nam a2200169Ia 4500 | ||
|---|---|---|---|
| 999 |
_c37341 _d37341 |
||
| 003 | OSt | ||
| 005 | 20200929100941.0 | ||
| 008 | 190216s9999||||xx |||||||||||||| ||und|| | ||
| 040 | _coclc | ||
| 082 |
_a591.5 _bBUR/A |
||
| 100 |
_aBurnett, Allison L _95106 |
||
| 245 | 0 |
_aAnimal Adaptation / _cAllison L Burnett ; Thomas Eisner |
|
| 260 |
_bAmerind Publishing, _c1970. _aNew Delhi: |
||
| 300 | _a136p | ||
| 650 | _aZoology | ||
| 942 |
_cBK _2ddc _h591.5 _iBUR/A _k591.5 _mBUR/A |
||